00405pab a2200121 454500008004000000100002000040245013300060260000900193300001400202362000800216650002500224773003400249180718b2007 xxu||||| |||| 00| 0 eng d aAdkins, Barbare aEcologies of innovation: symbolic aspects of cross-organizational linkages in the design sector in an Australian inner-city area c2007 ap.922-34. aMar aKnowledge management aAmerican Behavioral Scientist